Estatísticas para Os 15 principais países com mortes por Covid19 - 13 abr 2021

Clique aqui para jogar o quiz

Estatísticas Gerais

  • Esse quiz foi jogado 10 vezes
  • A pontuação média é 19 de 24

Estatísticas das Respostas

país% Correto
Alemanha
100%
Brasil
100%
Estados Unidos
100%
França
100%
Índia
100%
Itália
100%
México
100%
Portugal
100%
Rússia
100%
Argentina
88%
Espanha
88%
Polônia
88%
Reino Unido
88%
Chéquia
75%
Colômbia
75%
Irão
75%
Peru
75%
Bélgica
63%
Eslováquia
63%
Eslovénia
63%
Hungria
63%
Bósnia e Herzegovina
50%
Bulgária
50%
Macedónia do Norte
38%

Distribuição das Pontuações

Percentil de Números Respondidos

Porcentagem de Pessoas com Cada Pontuação

Sua Pontuação Histórica

Você não jogou esse quiz